000 00286nam a2200109Ia 4500
008 230907s9999||||xx |||||||||||||| ||und||
082 _a333.79,THE
245 4 _aThe handbook of global energy policy/
260 _aWiley Blackwell
_bNew York
_c2013
300 _axxii,542p.:
942 _cBK
999 _c597949
_d597949